000 00361nam a2200133Ia 4500
005 20260326100045.0
008 260326s9999||||xx |||||||||||||| ||und||
100 _aAlva Martínez, Ernesto
245 0 _aLa Casa en la Arquitectura Mexicana /
_cErnesto Alva Martínez
260 _bLitoprocess
300 _a202 p.
650 _aARQUITECTURA REGIONAL
942 _cBK
999 _c7167
_d7167